| 000 | 00924nam a22002417a 4500 | ||
|---|---|---|---|
| 001 | 83777 | ||
| 003 | BD-RjUL | ||
| 005 | 20240519191932.0 | ||
| 008 | 240519s2009 bg a|||| m||| 00| 0 eng d | ||
| 035 | _a(BD-RjUL)83777 | ||
| 040 |
_aBD-RjUL _beng _cBD-RjUL _dBD-RjUL |
||
| 041 | _aeng | ||
| 082 |
_223 _a595.42 _bPAB 2009 |
||
| 100 |
_aParvin, Mst. Mursalin _913075 |
||
| 245 | 1 | 0 |
_aBiological control of two-spotted spider mite, tetranychus urticae koch (Acari : _bTetranychidae) _cBy Mst. Mursalin Parvin ; _6Supervisor : Mohd. Mainul Haque |
| 260 |
_aRajshahi : _bDepartment of Zoology, University of Rajshahi, _c2009 |
||
| 300 |
_a[6], 189 leaves : _bill, ; _c29.3cm. |
||
| 502 | _aThesis (Ph. D.) -- Department of Zoology, University of Rajshahi, 2009 | ||
| 504 | _aReferences : Leaves 120 - 141 | ||
| 650 |
_aAcari _xBiological control _913076 |
||
| 700 |
_aHaque, Mohd. Mainul, Supervisor _93406 |
||
| 942 |
_2ddc _cTHE |
||
| 999 |
_c83777 _d83777 |
||